Theoriebildung und empirische Forschung im Systemvergleich (Record no. 279)
[ view plain ]
| 000 -LEADER | |
|---|---|
| fixed length control field | 00611nam a22002297i 4500 |
| 001 - CONTROL NUMBER | |
| control field | 283 |
| 003 - CONTROL NUMBER IDENTIFIER | |
| control field | OSt |
| 005 - DATE AND TIME OF LATEST TRANSACTION | |
| control field | 20170126082241.0 |
| 007 - PHYSICAL DESCRIPTION FIXED FIELD--GENERAL INFORMATION | |
| fixed length control field | tu |
| 008 - FIXED-LENGTH DATA ELEMENTS--GENERAL INFORMATION | |
| fixed length control field | 161220s1987 xxu||||| |||| 00| 0 d |
| 024 7# - OTHER STANDARD IDENTIFIER | |
| Standard number or code | 282 |
| Source of number or code | RID |
| 040 ## - CATALOGING SOURCE | |
| Transcribing agency | OSt |
| 084 ## - OTHER CLASSIFICATION NUMBER | |
| Classification number | 3.61 |
| -- | 3.1 |
| -- | 8.23 |
| -- | 3.20 |
| Number source | z |
| 100 1# - MAIN ENTRY--PERSONAL NAME | |
| Personal name | Fink, Gerhard |
| 245 00 - TITLE STATEMENT | |
| Title | Theoriebildung und empirische Forschung im Systemvergleich |
| 260 ## - PUBLICATION, DISTRIBUTION, ETC. | |
| Place of publication, distribution, etc. | Berlin : |
| Name of publisher, distributor, etc. | Duncker & Humblot, |
| Date of publication, distribution, etc. | 1987. |
| 300 ## - PHYSICAL DESCRIPTION | |
| Extent | 109 S. ; |
| Dimensions | 21cm. |
| 490 ## - SERIES STATEMENT | |
| Series statement | Schriften des Vereins für Socialpolitik |
| Volume/sequential designation | 167 |
| 700 1# - ADDED ENTRY--PERSONAL NAME | |
| Personal name | Hartwig, Karl-Hans |
| 700 1# - ADDED ENTRY--PERSONAL NAME | |
| Personal name | Slama, Jiri |
| 700 1# - ADDED ENTRY--PERSONAL NAME | |
| Personal name | Wagener, Hans-Jürgen |
| 942 ## - ADDED ENTRY ELEMENTS (KOHA) | |
| Koha item type | Book |
| Withdrawn status | Lost status | Damaged status | Not for loan | Home library | Current library | Shelving location | Date acquired | Inventory number | Total Checkouts | Full call number | Barcode | Date last seen | Price effective from | Koha item type |
|---|---|---|---|---|---|---|---|---|---|---|---|---|---|---|
| WIIW | WIIW | Souterrain | 06/15/1992 | 283 | I-4.997 | 300281 | 01/26/2017 | 01/26/2017 | Book |
